| 000 | 00670nam a22002297a 4500 | ||
|---|---|---|---|
| 005 | 20100818111233.0 | ||
| 010 | _aENG-100824 | ||
| 020 | _c30.00 | ||
| 035 | _aEN-84357 | ||
| 037 | _bDBAD/PUB | ||
| 082 | _a000 | ||
| 100 |
_aBabu, J. V. _915058 |
||
| 245 |
_aChemistry quiz / _cby J. V. Babu |
||
| 260 |
_aVijayawada _bRushi Book House _c2008 |
||
| 270 |
_a14-11-14/1, Atchutaramaiah Street _bVijayawada _e520003 |
||
| 300 |
_a80 p. _c23cm (Pbk) |
||
| 650 |
_aChmistry _915059 |
||
| 700 | _94162 | ||
| 700 | _914835 | ||
| 942 |
_2ddc _cEN _h000 _mBAB |
||
| 999 |
_c42451 _d42451 |
||